| 000 | 00664nam a2200229 a 4500 | ||
|---|---|---|---|
| 005 | 20210219153359.0 | ||
| 008 | 991125n 000 0 u | ||
| 035 | _aUPN01000095269 | ||
| 100 | _aGallagher, Mark | ||
| 222 | _aCOMPARATIVE EDUCATION REVIEW | ||
| 245 | _aA public choice theory of budgets : implications for education in less developed countries | ||
| 300 | _a90-106 | ||
| 362 | _a37, No. 2, 1993 | ||
| 505 | _aDiciembre 1993 | ||
| 653 | 0 | _aASIGNACION DE RECURSOS | |
| 653 | 0 | _aCLIMA ECONOMICO | |
| 653 | 0 | _aPAISES DESARROLLADOS | |
| 653 | 0 | _aPRESUPUESTARIO | |
| 653 | 0 | _aPROPORCION AISLADA | |
| 904 |
_aAC _b033080 |
||
| 905 | _aArticulo | ||
| 999 |
_c75430 _d75430 |
||